00270nam a2200109Ia 4500008004100000100002500041245001400066260004300080650001300123942000700136999001700143190216s9999||||xx |||||||||||||| ||und|| aUnnikrishnan Puthoor 0aEchumopol bSahithya Pravarthaka Sahakarana Sangam aKathakal cBK c25860d25860